[Event "Beacon Seniors"]
[Site "Exmouth"]
[Date "2006.11.15"]
[Round "2"]
[White "Gamble, Raymond J"]
[Black "Gardiner, Colin J"]
[Result "1-0"]
[WhiteElo "1792"]
[BlackElo "1528"]
[PlyCount "69"]
[EventDate "2006.11.13"]
[EventType "swiss"]
[EventRounds "5"]
[EventCountry "ENG"]

1. d4 Nf6 2. Nf3 e6 3. e3 b6 4. Bd3 Bb7 5. Nbd2 d5 6. Qe2 Be7 7. O-O Nbd7 8. e4
dxe4 9. Nxe4 Nxe4 10. Bxe4 Bxe4 11. Qxe4 O-O 12. c3 c5 13. Rd1 Nf6 14. Qe2 Qc7
15. dxc5 Bxc5 16. Be3 Bxe3 17. Qxe3 Rad8 18. h3 Nd5 19. Qe5 Qc5 20. Rd4 Qc7 21.
Rxd5 Qxe5 22. Rxe5 Rd3 23. Kf1 Rfd8 24. Nd4 Rd2 25. Rb1 Kf8 26. Ke1 R2xd4 27.
cxd4 Rxd4 28. Rd1 Ra4 29. a3 Rc4 30. Rd7 Ke8 31. Rxa7 Rc1+ 32. Kd2 Rc8 33. Re3
Rc5 34. Rc3 Rd5+ 35. Kc2 1-0

[Event "Beacon Seniors"]
[Site "Exmouth"]
[Date "2006.11.15"]
[Round "3"]
[White "Kearsley, Raymond J"]
[Black "Gamble, Raymond J"]
[Result "0-1"]
[WhiteElo "1640"]
[BlackElo "1792"]
[PlyCount "108"]
[EventDate "2006.11.13"]
[EventType "swiss"]
[EventRounds "5"]
[EventCountry "ENG"]

1. e4 e6 2. d3 d5 3. Nd2 Nf6 4. Ngf3 c5 5. g3 Nc6 6. Bg2 Be7 7. O-O dxe4 8.
dxe4 Qc7 9. Re1 e5 10. c3 O-O 11. Qc2 Rd8 12. Nf1 Be6 13. Bg5 h6 14. Bxf6 Bxf6
15. Rad1 Qa5 16. b3 Rxd1 17. Rxd1 Rd8 18. Rxd8+ Qxd8 19. Ne3 Qd6 20. Nd5 Bxd5
21. exd5 Qxd5 22. Ng5 Qd8 23. Qh7+ Kf8 24. Bxc6 Qd1+ 25. Kg2 bxc6 26. Ne4 Ke7
27. Qf5 Qd5 28. c4 Qe6 29. Qxe6+ Kxe6 30. Nxc5+ Kf5 31. Kf3 h5 32. Ne4 Be7 33.
h3 g6 34. g4+ hxg4+ 35. hxg4+ Ke6 36. g5 Kf5 37. c5 Bxg5 38. Nd6+ Ke6 39. b4 a6
40. Nb7 f5 41. a4 Kd5 42. Ke2 e4 43. Nd6 Bf4 44. Nb7 Kc4 45. Nd8 Kxb4 46. Nxc6+
Kxc5 47. Ne7 Kb4 48. Nxg6 Bd6 49. Nh4 f4 50. Nf5 Bc5 51. Kd2 Bxf2 52. Nd6 Kc5
53. Ne8 Kd4 54. Nc7 f3 0-1

[Event "Beacon Seniors"]
[Site "Exmouth"]
[Date "2006.11.16"]
[Round "4"]
[White "Gamble, Raymond J"]
[Black "Annetts, Ivor S"]
[Result "1-0"]
[WhiteElo "1792"]
[BlackElo "1664"]
[PlyCount "61"]
[EventDate "2006.11.13"]
[EventType "swiss"]
[EventRounds "5"]
[EventCountry "ENG"]

1. d4 Nf6 2. Nf3 g6 3. Nbd2 Bg7 4. e4 d6 5. Bc4 O-O 6. O-O Nbd7 7. e5 Ng4 8. e6
Nb6 9. exf7+ Kh8 10. Bb3 d5 11. h3 Nh6 12. Ne5 Nxf7 13. Ndf3 c6 14. Re1 Nd7 15.
Nxf7+ Rxf7 16. Ng5 Rf6 17. Ne6 Qg8 18. Qe2 h6 19. Nxg7 Qxg7 20. Qxe7 Rf7 21.
Qh4 Kh7 22. c3 Nf6 23. Bc2 Bf5 24. Bxf5 gxf5 25. Re6 Re8 26. Rxe8 Nxe8 27. Bf4
Re7 28. Bxh6 Qxh6 29. Qxe7+ Ng7 30. Re1 f4 31. Qf7 1-0

[Event "Beacon Seniors"]
[Site "Exmouth"]
[Date "2006.11.17"]
[Round "5"]
[White "Gamble, Raymond J"]
[Black "Reynolds, D Ian W"]
[Result "1/2-1/2"]
[WhiteElo "1792"]
[BlackElo "1976"]
[PlyCount "43"]
[EventDate "2006.11.13"]
[EventType "swiss"]
[EventRounds "5"]
[EventCountry "ENG"]

1. d4 Nf6 2. Nf3 e6 3. e3 b6 4. Bd3 Bb7 5. Nbd2 c5 6. O-O Nc6 7. c3 cxd4 8.
exd4 d5 9. Re1 Be7 10. Ne5 Nxe5 11. dxe5 Nd7 12. Qg4 g6 13. Nf3 Qc7 14. Bf4 Nc5
15. Bb5+ Bc6 16. Nd4 Bxb5 17. Nxb5 Qd7 18. Qe2 Nb7 19. Rac1 a6 20. Nd4 O-O 21.
Bh6 Rfc8 22. Qe3 1/2-1/2

[Event "Beacon Seniors"]
[Site "Exmouth"]
[Date "2007.11.20"]
[Round "2"]
[White "Gamble, Raymond J"]
[Black "Sandercock, E Barry"]
[Result "1-0"]
[WhiteElo "1816"]
[BlackElo "1672"]
[PlyCount "71"]
[EventDate "2007.11.19"]
[EventType "swiss"]
[EventRounds "5"]
[EventCountry "ENG"]

1. d4 Nf6 2. Nf3 b6 3. e3 Bb7 4. Bd3 e6 5. Nbd2 d5 6. O-O c5 7. c3 Be7 8. Qe2
O-O 9. e4 dxe4 10. Nxe4 Nxe4 11. Bxe4 Bxe4 12. Qxe4 Qd5 13. Qxd5 exd5 14. Re1
Nc6 15. dxc5 Bxc5 16. Be3 Bxe3 17. Rxe3 Rfe8 18. Rae1 Rxe3 19. Rxe3 Kf8 20. Kf1
Rd8 21. Rd3 Ke7 22. h4 h5 23. Re3+ Kf8 24. Ne5 Nxe5 25. Rxe5 g6 26. f4 f6 27.
Re3 Kf7 28. Kf2 b5 29. Rd3 Ke6 30. Kf3 f5 31. Re3+ Kd6 32. Ke2 Rc8 33. Kd3 Rc4
34. Rg3 Rxf4 35. Rxg6+ Kc5 36. b4+ 1-0

[Event "Beacon Seniors"]
[Site "Exmouth"]
[Date "2007.11.21"]
[Round "3"]
[White "Dodgson, John A"]
[Black "Gamble, Raymond J"]
[Result "1-0"]
[WhiteElo "2016"]
[BlackElo "1816"]
[PlyCount "135"]
[EventDate "2007.11.19"]
[EventType "swiss"]
[EventRounds "5"]
[EventCountry "ENG"]

1. e4 e6 2. d3 d5 3. Nd2 Nf6 4. Ngf3 c5 5. g3 Nc6 6. Bg2 Be7 7. O-O dxe4 8.
dxe4 Qc7 9. Qe2 e5 10. c3 O-O 11. Nc4 Be6 12. Ng5 Bg4 13. f3 Bh5 14. Ne3 h6 15.
Nh3 Rfd8 16. Nf5 Bf8 17. g4 Bg6 18. Kh1 Qd7 19. Be3 Qd3 20. Qf2 Qc4 21. Rfe1 b6
22. Bf1 Qe6 23. b3 Na5 24. Ng1 c4 25. b4 Nb7 26. a4 Nd6 27. Ne2 Rd7 28. Neg3
Rad8 29. Be2 Nc8 30. Qf1 Rc7 31. Bf2 Qc6 32. Rec1 a6 33. Ne3 b5 34. a5 Rcd7 35.
Rd1 Rxd1 36. Rxd1 Rxd1 37. Qxd1 Nd6 38. Kg1 Nde8 39. Nef5 Bxf5 40. Nxf5 Nd6 41.
Ne3 g6 42. Bg3 Nd7 43. Nd5 Kg7 44. Qd2 f6 45. Bf2 g5 46. h4 Ne8 47. Bd1 Nd6 48.
Bc2 Ne8 49. Be3 Kg6 50. Qh2 Ng7 51. Bf2 Qe6 52. Bg3 Kf7 53. Ne3 Bd6 54. Kf1 Bf8
55. Ke1 Nb8 56. Qd2 Nc6 57. Nf5 Nxf5 58. exf5 Qd6 59. hxg5 Qxd2+ 60. Kxd2 hxg5
61. Be4 Nxb4 62. cxb4 Bxb4+ 63. Ke2 Bxa5 64. Bb7 b4 65. Bxa6 c3 66. Bf2 Ke7 67.
Bc5+ Kd7 68. Bb5+ 1-0

[Event "Beacon Seniors"]
[Site "Exmouth"]
[Date "2007.11.23"]
[Round "5"]
[White "Annetts, Ivor S"]
[Black "Gamble, Raymond J"]
[Result "1/2-1/2"]
[WhiteElo "1680"]
[BlackElo "1816"]
[PlyCount "53"]
[EventDate "2007.11.19"]
[EventType "swiss"]
[EventRounds "5"]
[EventCountry "ENG"]

1. e4 e6 2. d4 d5 3. e5 c5 4. c3 Nc6 5. Nf3 Qb6 6. Bd3 cxd4 7. cxd4 Bd7 8. Nc3
Nxd4 9. Nxd4 Qxd4 10. O-O a6 11. Qe2 Ne7 12. Rd1 Nc6 13. Bxa6 Qb6 14. Bb5 Be7
15. Be3 Qd8 16. f4 g6 17. Qf2 O-O 18. Bb6 Qe8 19. Bd3 f6 20. Qg3 f5 21. Nb5 Qf7
22. a3 Rac8 23. Rac1 Nb8 24. Na7 Rxc1 25. Rxc1 Nc6 26. Bb5 Nxa7 27. Bxd7
1/2-1/2

[Event "English Senior Championship"]
[Site "Dovedale"]
[Date "2008.01.28"]
[Round "1"]
[White "Littlewood, John Eric"]
[Black "Gamble, Raymond J"]
[Result "0-1"]
[WhiteElo "2191"]
[BlackElo "2026"]
[PlyCount "82"]
[EventDate "2008.01.28"]
[EventType "swiss"]
[EventRounds "5"]
[EventCountry "ENG"]

1. e4 e6 2. Qe2 Be7 3. Nf3 d5 4. d3 Nf6 5. e5 Nfd7 6. g3 c5 7. Bg2 Nc6 8. O-O
O-O 9. c4 d4 10. Re1 Rb8 11. h4 h6 12. Bf4 b5 13. Nfd2 Na5 14. b3 bxc4 15. dxc4
Bb7 16. Ne4 Nc6 17. Qh5 Nb4 18. Qg4 h5 19. Qxh5 Nc2 20. Nbd2 Nxa1 21. Rxa1 Re8
22. Ng5 Bxg5 23. hxg5 Bxg2 24. Kxg2 Nf8 25. Ne4 Ng6 26. Nf6+ Kf8 27. Qh7 Qc7
28. Qg8+ Ke7 29. Nxe8 Rxe8 30. Qxg7 Rh8 31. Qf6+ Ke8 32. Re1 Qa5 33. Re2 Qc3
34. Bd2 Qa1 35. Be1 d3 36. Re3 d2 37. Qxh8+ Nxh8 38. Bxd2 Qxa2 39. Be1 Ng6 40.
Kh3 Ne7 41. g4 Nc6 0-1

[Event "English Senior Championship"]
[Site "Dovedale"]
[Date "2008.01.29"]
[Round "2"]
[White "Gamble, Raymond J"]
[Black "Dodgson, John A"]
[Result "1/2-1/2"]
[WhiteElo "2026"]
[BlackElo "2147"]
[PlyCount "67"]
[EventDate "2008.01.28"]
[EventType "swiss"]
[EventRounds "5"]
[EventCountry "ENG"]

1. d4 d5 2. Nf3 Nf6 3. Bf4 c5 4. e3 Nc6 5. c3 Qb6 6. Qb3 c4 7. Qxb6 axb6 8.
Nbd2 b5 9. Be2 b4 10. O-O bxc3 11. bxc3 Ra3 12. Rfc1 e6 13. Ne5 Nxe5 14. Bxe5
Be7 15. Rc2 Bd7 16. e4 O-O 17. Bf3 Bc6 18. exd5 exd5 19. Nb1 Ra6 20. g4 h6 21.
h4 Nd7 22. Bg3 Rfa8 23. Bg2 b5 24. f4 Nb6 25. g5 h5 26. Bf3 g6 27. f5 Bd7 28.
Re2 Bf8 29. fxg6 fxg6 30. Bc7 Re8 31. Rxe8 Bxe8 32. Bxb6 Rxb6 33. Bxd5+ Kg7 34.
Nd2 1/2-1/2

[Event "English Senior Championship"]
[Site "Dovedale"]
[Date "2008.01.30"]
[Round "3"]
[White "Wheeler, John Francis"]
[Black "Gamble, Raymond J"]
[Result "1/2-1/2"]
[WhiteElo "2142"]
[BlackElo "2026"]
[PlyCount "43"]
[EventDate "2008.01.28"]
[EventType "swiss"]
[EventRounds "5"]
[EventCountry "ENG"]

1. d4 d5 2. c4 e6 3. Nc3 Be7 4. Nf3 Nf6 5. Bg5 O-O 6. e3 b6 7. cxd5 Nxd5 8.
Bxe7 Qxe7 9. Rc1 Nxc3 10. Rxc3 Bb7 11. Be2 Rc8 12. Qc2 c5 13. dxc5 Rxc5 14.
Rxc5 bxc5 15. O-O Nd7 16. Rc1 Rc8 17. Nd2 h6 18. Bf3 Bxf3 19. Nxf3 Nb6 20. h3
c4 21. Nd4 Qb4 22. a3 1/2-1/2

[Event "English Senior Championship"]
[Site "Dovedale"]
[Date "2008.01.31"]
[Round "4"]
[White "Gamble, Raymond J"]
[Black "Macdonald-Ross, Michael"]
[Result "1/2-1/2"]
[WhiteElo "2026"]
[BlackElo "2154"]
[PlyCount "82"]
[EventDate "2008.01.28"]
[EventType "swiss"]
[EventRounds "5"]
[EventCountry "ENG"]

1. d4 d5 2. Nf3 Nf6 3. e3 Nbd7 4. Bd3 c5 5. c3 g6 6. Nbd2 Bg7 7. O-O O-O 8. Re1
b6 9. e4 dxe4 10. Nxe4 Bb7 11. Nxf6+ Nxf6 12. dxc5 bxc5 13. Qe2 Qb6 14. Ne5
Rad8 15. Nc4 Qc6 16. f3 Qc8 17. Na5 Ba8 18. Bf4 Nd5 19. Be5 f6 20. Ba6 Qe6 21.
Bg3 Qb6 22. Qe6+ Kh8 23. Qxb6 axb6 24. Nc4 e5 25. Ne3 Nc7 26. Bf1 Bh6 27. Ng4
Bg7 28. Ne3 h5 29. Rad1 Bh6 30. Rxd8 Rxd8 31. Nc4 Nd5 32. Rd1 Rd7 33. a4 Ra7
34. b3 Kg7 35. Rd3 Kf8 36. Bf2 Rc7 37. Na3 Ke7 38. Nb5 Rc8 39. Na7 Rc7 40. Nb5
Rc8 41. Na7 Rc6 1/2-1/2

[Event "English Senior Championship"]
[Site "Dovedale"]
[Date "2008.02.01"]
[Round "5"]
[White "Singleton, Michael PF"]
[Black "Gamble, Raymond J"]
[Result "1/2-1/2"]
[WhiteElo "2184"]
[BlackElo "2026"]
[PlyCount "36"]
[EventDate "2008.01.28"]
[EventType "swiss"]
[EventRounds "5"]
[EventCountry "ENG"]

1. d4 d5 2. c4 e6 3. Nc3 Be7 4. e4 dxe4 5. Nxe4 Nf6 6. Nxf6+ Bxf6 7. Nf3 b6 8.
Bd3 Bb7 9. Be3 c5 10. dxc5 Bxb2 11. Rb1 Bc3+ 12. Ke2 Nc6 13. Qa4 Qd7 14. Rhd1
Nd4+ 15. Bxd4 Qxa4 16. Bxc3 Qc6 17. cxb6 O-O 18. Ne5 Qc5 1/2-1/2

[Event "Weymouth Major"]
[Site "Weymouth"]
[Date "2008.10.24"]
[Round "1.35"]
[White "Gamble, Raymond J"]
[Black "Boomsma, Brian H"]
[Result "1/2-1/2"]
[WhiteElo "1816"]
[BlackElo "1760"]
[PlyCount "32"]
[EventDate "2008.10.24"]
[EventType "swiss"]
[EventRounds "5"]
[EventCountry "ENG"]

1. d4 Nf6 2. Nf3 e6 3. e3 d5 4. Bd3 b6 5. Qe2 Bb7 6. Nbd2 Nbd7 7. O-O Bd6 8. e4
dxe4 9. Nxe4 Nxe4 10. Bxe4 Bxe4 11. Qxe4 O-O 12. Re1 Nf6 13. Qe2 h6 14. Ne5 c5
15. c3 cxd4 16. cxd4 Rc8 1/2-1/2

[Event "Weymouth Major"]
[Site "Weymouth"]
[Date "2008.10.25"]
[Round "2.17"]
[White "Farthing, Andrew"]
[Black "Gamble, Raymond J"]
[Result "1/2-1/2"]
[WhiteElo "1576"]
[BlackElo "1816"]
[PlyCount "50"]
[EventDate "2008.10.24"]
[EventType "swiss"]
[EventRounds "5"]
[EventCountry "ENG"]

1. Nc3 d5 2. e4 e6 3. Nf3 Nf6 4. e5 Nfd7 5. d4 a6 6. Bd3 c5 7. dxc5 Nxc5 8. O-O
Nxd3 9. Qxd3 Be7 10. Bf4 Nc6 11. a3 O-O 12. Bg3 b5 13. Nd4 Nxd4 14. Qxd4 Bb7
15. Ne2 Qc7 16. c3 Qc6 17. b4 Rac8 18. Rac1 Bd8 19. Qd2 Bb6 20. Nd4 Qd7 21. f4
Rc4 22. Bf2 Rfc8 23. Rc2 Qd8 24. Rfc1 g6 25. Qd3 Qc7 1/2-1/2

[Event "Weymouth Major"]
[Site "Weymouth"]
[Date "2008.10.25"]
[Round "3.15"]
[White "Gamble, Raymond J"]
[Black "Neatherway, A Philip"]
[Result "1/2-1/2"]
[WhiteElo "1816"]
[BlackElo "1736"]
[PlyCount "43"]
[EventDate "2008.10.24"]
[EventType "swiss"]
[EventRounds "5"]
[EventCountry "ENG"]

1. d4 Nf6 2. Nf3 c5 3. e3 d5 4. c3 cxd4 5. exd4 Nc6 6. Bd3 e6 7. O-O Bd6 8. Re1
Qc7 9. Nbd2 O-O 10. Nf1 g6 11. Bg5 Nh5 12. g3 f6 13. Bh6 Ng7 14. Ne3 Qf7 15. c4
dxc4 16. Bxc4 Na5 17. Bf1 b6 18. Nc4 Bb4 19. Bd2 Bxd2 20. Qxd2 Nxc4 21. Bxc4
Rd8 22. Qe2 1/2-1/2

[Event "Weymouth Major"]
[Site "Weymouth"]
[Date "2008.10.26"]
[Round "4.16"]
[White "Rogers, David R"]
[Black "Gamble, Raymond J"]
[Result "1/2-1/2"]
[WhiteElo "1688"]
[BlackElo "1816"]
[PlyCount "88"]
[EventDate "2008.10.24"]
[EventType "swiss"]
[EventRounds "5"]
[EventCountry "ENG"]

1. d4 e6 2. Nf3 Nf6 3. e3 c5 4. Bd3 Nc6 5. c3 d5 6. O-O Bd6 7. h3 O-O 8. Nbd2
e5 9. dxe5 Nxe5 10. Nxe5 Bxe5 11. e4 dxe4 12. Nxe4 Nxe4 13. Bxe4 a6 14. Qxd8
Rxd8 15. Be3 c4 16. Rad1 Be6 17. Bxb7 Rxd1 18. Bxa8 Rd8 19. Bf3 Rb8 20. Bc1 f5
21. Rd1 Kf7 22. Bd5 Rb5 23. Bc6 Rb6 24. Bf3 Rb8 25. Kf1 Kf6 26. Ke1 Bc7 27. Kd2
Bd7 28. Ke1 Be6 29. Bd5 Re8 30. Bxe6 Rxe6+ 31. Kf1 Rd6 32. Rxd6+ Bxd6 33. Be3
g6 34. Ke2 Ke5 35. b3 Kd5 36. g3 Bf8 37. b4 Bg7 38. Bd2 g5 39. a4 h5 40. f4
gxf4 41. gxf4 Bf6 42. Kf3 Bd8 43. Be3 Bf6 44. Bd2 Bd8 1/2-1/2

[Event "Weymouth Major"]
[Site "Weymouth"]
[Date "2008.10.26"]
[Round "5.15"]
[White "Gamble, Raymond J"]
[Black "Edney, Richard H"]
[Result "0-1"]
[WhiteElo "1816"]
[BlackElo "1696"]
[PlyCount "54"]
[EventDate "2008.10.24"]
[EventType "swiss"]
[EventRounds "5"]
[EventCountry "ENG"]

1. d4 Nf6 2. Nf3 g6 3. Nbd2 Bg7 4. e4 d6 5. Bc4 c6 6. Bb3 O-O 7. O-O Qc7 8. c3
e5 9. dxe5 dxe5 10. Re1 Nbd7 11. Qe2 h6 12. Nf1 Nc5 13. Bc2 b6 14. b4 Ba6 15.
c4 Ne6 16. Rb1 Rad8 17. g3 b5 18. c5 Bc8 19. Bb2 Nd4 20. Nxd4 exd4 21. Rbd1 Ng4
22. Kg2 h5 23. h3 Ne5 24. Bc1 Qd7 25. g4 hxg4 26. hxg4 d3 27. Bxd3 Nxd3 0-1

[Event "Beacon Seniors"]
[Site "Exmouth"]
[Date "2008.11.17"]
[Round "1"]
[White "Primett, Alan D"]
[Black "Gamble, Raymond J"]
[Result "1/2-1/2"]
[WhiteElo "1480"]
[BlackElo "2047"]
[PlyCount "56"]
[EventDate "2008.11.17"]
[EventType "swiss"]
[EventRounds "5"]
[EventCountry "ENG"]
[SourceTitle "Britbase"]

1. c4 e6 2. Nf3 d5 3. cxd5 exd5 4. a3 Nf6 5. d3 Bd6 6. g3 O-O 7. Bg2 Re8 8. O-O
c6 9. Re1 Bg4 10. Qc2 Nbd7 11. Nc3 Ne5 12. Nxe5 Bxe5 13. Bd2 Qd7 14. b4 Rad8
15. Rab1 a6 16. a4 Bh3 17. Bg5 h6 18. Bxf6 Bxf6 19. Rb3 Bxg2 20. Kxg2 Re7 21.
b5 axb5 22. axb5 Rde8 23. bxc6 Qxc6 24. Qd2 Rc7 25. Nb5 d4+ 26. Kg1 Rce7 27.
Rb4 Qd5 28. Qc2 Qh5 1/2-1/2

[Event "Beacon Seniors"]
[Site "Exmouth"]
[Date "2008.11.18"]
[Round "2"]
[White "Gamble, Raymond J"]
[Black "Waters, Roger G"]
[Result "1-0"]
[WhiteElo "2047"]
[BlackElo "1464"]
[PlyCount "83"]
[EventDate "2008.11.17"]
[EventType "swiss"]
[EventRounds "5"]
[EventCountry "ENG"]
[SourceTitle "Britbase"]

1. d4 Nf6 2. Nf3 g6 3. Nbd2 Bg7 4. e4 d6 5. c3 O-O 6. Bc4 c5 7. dxc5 dxc5 8.
O-O Qc7 9. Qc2 Nc6 10. Re1 e5 11. h3 h6 12. Nf1 Kh7 13. Ne3 Re8 14. a4 Na5 15.
Bb5 Bd7 16. Bxd7 Qxd7 17. Rd1 Qc7 18. Nd5 Qc6 19. c4 b6 20. Bd2 Nb7 21. Bc3 Nd7
22. a5 g5 23. Qa4 Qxa4 24. Rxa4 Rac8 25. axb6 Nxb6 26. Rxa7 Nxd5 27. Rxd5 Nd8
28. Nxe5 Bxe5 29. Bxe5 Kg6 30. Ra6+ Re6 31. Rdd6 Rxd6 32. Rxd6+ Ne6 33. g3 Ra8
34. f4 gxf4 35. gxf4 Kh7 36. Rd7 Kg8 37. h4 h5 38. f5 Nd8 39. Bf6 Nc6 40. Rc7
Ra1+ 41. Kf2 Nb4 42. Rc8+ 1-0

[Event "Beacon Seniors"]
[Site "Exmouth"]
[Date "2008.11.19"]
[Round "3"]
[White "Stoop, Michael"]
[Black "Gamble, Raymond J"]
[Result "0-1"]
[WhiteElo "1080"]
[BlackElo "2047"]
[PlyCount "54"]
[EventDate "2008.11.17"]
[EventType "swiss"]
[EventRounds "5"]
[EventCountry "ENG"]
[SourceTitle "Britbase"]

1. d4 e6 2. Nf3 Nf6 3. e3 d5 4. Bd3 b6 5. O-O Bb7 6. Nbd2 Nbd7 7. Qe2 Be7 8. b3
O-O 9. Bb2 Ne4 10. c4 Bd6 11. Rac1 Qf6 12. a3 Nxd2 13. Qxd2 dxc4 14. d5 Ne5 15.
Nxe5 Bxe5 16. Bxe5 Qxe5 17. f4 Qxd5 18. bxc4 Qc5 19. Kh1 Rad8 20. Qc2 g6 21.
Be4 Bxe4 22. Qxe4 a5 23. a4 Rd2 24. Rcd1 Rfd8 25. Rxd2 Rxd2 26. g3 Qh5 27. h4
Qe2 0-1

[Event "Beacon Seniors"]
[Site "Exmouth"]
[Date "2008.11.20"]
[Round "4"]
[White "Gamble, Raymond J"]
[Black "Barton, R Alan"]
[Result "1-0"]
[WhiteElo "2047"]
[BlackElo "2131"]
[PlyCount "165"]
[EventDate "2008.11.17"]
[EventType "swiss"]
[EventRounds "5"]
[EventCountry "ENG"]
[SourceTitle "Britbase"]

1. d4 e6 2. e4 b6 3. Bd3 Bb7 4. Nf3 c5 5. c3 Nf6 6. Qe2 Be7 7. O-O d6 8. Bf4
Nbd7 9. Na3 a6 10. Nc4 Nf8 11. Bxd6 Bxd6 12. Nxd6+ Qxd6 13. e5 Qc6 14. exf6
gxf6 15. Rfe1 Ng6 16. Be4 Qxe4 17. Qxe4 Bxe4 18. Rxe4 f5 19. Ree1 Rg8 20. Rad1
Nf4 21. g3 c4 22. d5 O-O-O 23. dxe6 fxe6 24. Rxd8+ Kxd8 25. Kf1 Nd3 26. Rxe6
Rg6 27. Re2 f4 28. Ne5 Nxe5 29. Rxe5 fxg3 30. hxg3 Kd7 31. Kg2 Kd6 32. f4 Kc6
33. Kf3 Rd6 34. Re2 h5 35. f5 Rd1 36. Kf4 Rf1+ 37. Kg5 Rf3 38. f6 b5 39. Re6+
Kc5 40. Re5+ Kd6 41. Rf5 Rxg3+ 42. Kxh5 Rh3+ 43. Kg6 Ke6 44. f7 Rg3+ 45. Kh5
Kxf5 46. f8=Q+ Ke4 47. Kh4 Rg1 48. Qf7 Ke5 49. Kh3 Rb1 50. Qc7+ Ke6 51. Qc6+
Kf5 52. Qxa6 Rxb2 53. Qa3 Rc2 54. Qb4 Ke4 55. a4 bxa4 56. Qxc4+ Ke3 57. Qd4+
Ke2 58. Qxa4 Rxc3+ 59. Kg4 Kd3 60. Kf3 Kd2+ 61. Kf2 Rc2 62. Qd4+ Kc1+ 63. Ke1
Kb1 64. Qd3 Kb2 65. Kd1 Rc3 66. Qb5+ Rb3 67. Qe5+ Kb1 68. Kd2 Ra3 69. Qe4+ Kb2
70. Qc2+ Ka1 71. Kc1 Rb3 72. Qc4 Rb1+ 73. Kd2 Rb2+ 74. Kd3 Rb3+ 75. Kd4 Kb2 76.
Qe2+ Ka1 77. Kc4 Rb2 78. Qd1+ Rb1 79. Qa4+ Kb2 80. Qb3+ Kc1 81. Qc3+ Kd1 82.
Kd3 Rb3 83. Qxb3+ 1-0

[Event "Beacon Seniors"]
[Site "Exmouth"]
[Date "2008.11.21"]
[Round "5"]
[White "Gosling, Brian GE"]
[Black "Gamble, Raymond J"]
[Result "0-1"]
[WhiteElo "2010"]
[BlackElo "2047"]
[PlyCount "42"]
[EventDate "2008.11.17"]
[EventType "swiss"]
[EventRounds "5"]
[EventCountry "ENG"]
[SourceTitle "Britbase"]

1. d4 e6 2. Nf3 Nf6 3. Bf4 b6 4. e3 Bb7 5. c3 Be7 6. h3 O-O 7. Nbd2 Ne4 8. Bd3
Nxd2 9. Nxd2 d5 10. Qc2 h6 11. g4 c5 12. dxc5 bxc5 13. O-O-O Nc6 14. Nc4 Kh8
15. Ne5 Nxe5 16. Bxe5 Qa5 17. Rhg1 c4 18. Bxc4 dxc4 19. Bxg7+ Kxg7 20. Rd7 Bc6
21. Rxe7 Qd8 0-1

[Event "Southend op"]
[Site "Southend"]
[Date "2010.04.02"]
[Round "2"]
[White "Gamble, Raymond J"]
[Black "Sugden, John Neil"]
[Result "0-1"]
[WhiteElo "2046"]
[BlackElo "2212"]
[PlyCount "86"]
[EventDate "2010.04.02"]
[EventType "swiss"]
[EventRounds "7"]
[EventCountry "ENG"]

1. d4 Nf6 2. Nf3 c5 3. e3 cxd4 4. exd4 d5 5. c3 Nc6 6. Bf4 Bg4 7. Nbd2 e6 8.
Qa4 Bd6 9. Ne5 Bxe5 10. dxe5 Nd7 11. Bh6 gxh6 12. Qxg4 Ncxe5 13. Qg7 Qf6 14.
Qxf6 Nxf6 15. Bb5+ Ke7 16. O-O a6 17. Be2 Rac8 18. f4 Neg4 19. h3 Ne3 20. Rf3
Nf5 21. Bd3 Nd6 22. Re1 Nd7 23. Rg3 Kf6 24. Kh2 b5 25. Rf3 Nc4 26. Nxc4 dxc4
27. Bc2 Rcd8 28. Rd1 {(=)} Nc5 29. Rxd8 Rxd8 30. Rf2 Nd3 31. Rd2 Rd5 32. Bxd3
Rxd3 33. Re2 Kf5 34. g3 h5 35. a4 f6 36. axb5 axb5 37. Kg2 h4 38. gxh4 Kxf4 39.
Rf2+ Ke5 40. Re2+ Kd5 41. h5 e5 42. h6 e4 43. h4 f5 0-1

[Event "Southend op"]
[Site "Southend"]
[Date "2010.04.03"]
[Round "3"]
[White "Haydon, David Leslie"]
[Black "Gamble, Raymond J"]
[Result "1-0"]
[WhiteElo "2149"]
[BlackElo "2046"]
[PlyCount "73"]
[EventDate "2010.04.02"]
[EventType "swiss"]
[EventRounds "7"]
[EventCountry "ENG"]

1. d4 e6 2. Nf3 d5 3. c4 c6 4. Nc3 Nf6 5. cxd5 exd5 6. Bf4 Bd6 7. Bxd6 Qxd6 8.
e3 Bf5 9. Bd3 Bxd3 10. Qxd3 Nbd7 11. O-O O-O 12. g3 Rfe8 13. Nd2 Qe6 14. Kg2
Ne4 15. Ncxe4 dxe4 16. Qb3 Qxb3 17. Nxb3 Nb6 18. Nc5 Rab8 19. Rfc1 Nd5 20. Rab1
f5 21. h4 h6 22. Kf1 Re7 23. b4 a6 24. a4 Nc7 25. Ke2 Kf7 26. Nb3 g5 27. Nd2
gxh4 28. gxh4 Rg8 29. Nc4 Kf6 30. Nd6 Nd5 31. b5 axb5 32. axb5 f4 33. bxc6 b6
34. c7 Nxc7 35. Nxe4+ Rxe4 36. Rxc7 fxe3 37. Rxb6+ 1-0

[Event "Southend op"]
[Site "Southend"]
[Date "2010.04.03"]
[Round "4"]
[White "LeFevre, Stephen D"]
[Black "Gamble, Raymond J"]
[Result "1/2-1/2"]
[WhiteElo "1842"]
[BlackElo "2046"]
[PlyCount "38"]
[EventDate "2010.04.02"]
[EventType "swiss"]
[EventRounds "7"]
[EventCountry "ENG"]

1. d4 e6 2. c4 d5 3. Nc3 Be7 4. Bf4 Nf6 5. e3 O-O 6. h3 b6 7. cxd5 Nxd5 8. Nxd5
exd5 9. Bd3 Bb4+ 10. Ke2 Bd6 11. Bxd6 Qxd6 12. Qc2 g6 13. Rc1 c6 14. Nf3 f5 15.
Rhe1 Bb7 16. Kf1 Nd7 17. Kg1 Rae8 18. g3 Nf6 19. Nh2 Ne4 1/2-1/2

[Event "Southend op"]
[Site "Southend"]
[Date "2010.04.04"]
[Round "5"]
[White "Gamble, Raymond J"]
[Black "White, Graham C"]
[Result "1-0"]
[WhiteElo "2046"]
[BlackElo "1920"]
[PlyCount "33"]
[EventDate "2010.04.02"]
[EventType "swiss"]
[EventRounds "7"]
[EventCountry "ENG"]

1. d4 e6 2. e3 Nf6 3. Nf3 d5 4. Bd3 c5 5. c3 cxd4 6. exd4 Bd6 7. O-O h6 8. Re1
O-O 9. Nbd2 Bd7 10. Ne5 a6 11. Qf3 Bc6 12. Qh3 Bxe5 13. dxe5 Nfd7 14. Nf3 f5
15. exf6 Qxf6 16. Rxe6 Qf7 17. Bg6 1-0

[Event "Southend op"]
[Site "Southend"]
[Date "2010.04.05"]
[Round "7"]
[White "Lock, Gavin R"]
[Black "Gamble, Raymond J"]
[Result "1-0"]
[WhiteElo "2188"]
[BlackElo "2046"]
[PlyCount "59"]
[EventDate "2010.04.02"]
[EventType "swiss"]
[EventRounds "7"]
[EventCountry "ENG"]

1. d4 e6 2. Nf3 d5 3. c4 c6 4. Bg5 Nf6 5. Nc3 Nbd7 6. e3 Qa5 7. Nd2 dxc4 8.
Bxf6 Nxf6 9. Nxc4 Qc7 10. Rc1 Nd5 11. Be2 Nxc3 12. bxc3 Be7 13. O-O O-O 14. Bd3
g6 15. h3 b6 16. Ne5 Bb7 17. Be4 c5 18. Qf3 Bxe4 19. Qxe4 Rac8 20. h4 f5 21.
Qf4 Bd6 22. h5 Bxe5 23. dxe5 Kg7 24. Rcd1 Rfd8 25. Rd6 Re8 26. Rfd1 Re7 27. f3
b5 28. hxg6 hxg6 29. Qg5 Rf7 30. Kf2 1-0

[Event "GBR-ch100 Senior"]
[Site "Torquay"]
[Date "2013.08.03"]
[Round "1.54"]
[White "Povah, Nigel Edward"]
[Black "Gamble, Raymond J"]
[Result "0-1"]
[WhiteElo "2284"]
[BlackElo "2017"]
[PlyCount "78"]
[EventDate "2013.08.03"]
[EventType "swiss"]
[EventRounds "7"]
[EventCountry "GBR"]

1. d4 e6 2. Nf3 d5 3. e3 Nf6 4. Bd3 c5 5. b3 Nc6 6. O-O Qc7 7. c4 cxd4 8. exd4
Bd6 9. Nc3 a6 10. Bb2 O-O 11. Rc1 dxc4 12. bxc4 Bf4 13. Rb1 Rd8 14. Re1 b6 15.
Ne2 Bh6 16. Bc3 Bb7 17. Qb3 Nd7 18. Ng3 Rab8 19. Qc2 g6 20. h4 Na5 21. Nd2 Rbc8
22. h5 Nf6 23. hxg6 hxg6 24. Ba1 Bxd2 25. Qxd2 Nxc4 26. Qg5 Nh7 27. Qh6 Qe7 28.
Bxg6 fxg6 29. Qxg6+ Qg7 30. Qxe6+ Qf7 31. Qg4+ Kf8 32. d5 Rxd5 33. Rb3 Re8 34.
Rxe8+ Kxe8 35. Qe2+ Kd8 36. Rf3 Qe7 37. Qf1 Nd2 38. Qd1 Nxf3+ 39. Qxf3 Qe1+ 0-1